Statistics for Ancient Greek Trivia

Click here to take the quiz!

General Stats

  • This quiz has been taken 59,385 times
    (32,034 since last reset)
  • The average score is 14 of 20

Answer Stats

HintAnswer% Correct
City famous for democracyAthens
98%
King of the Greek godsZeus
95%
Athletic competition first held
in 776 B.C.
Olympics
92%
Highest mountain in Greece;
home of the gods
Olympus
88%
Most famous rival of that citySparta
88%
"Great" Macedonian conquerorAlexander
87%
Word that Archimedes supposedly
said when he made a discovery
Eureka!
79%
Teacher of the above, founder of
the Academy
Plato
75%
Philosopher who drank hemlockSocrates
75%
Most famous temple in that cityParthenon
74%
War that "The Iliad" was aboutTrojan War
70%
Philosopher who tutored
that conqueror
Aristotle
68%
Place where you'd find the OracleDelphi
65%
The flat-topped, high ground area
in the above city
Acropolis
63%
Doric, Ionic, and Corinthian are the
three orders of ...
Columns
55%
God who spoke through the OracleApollo
54%
Subject that Euclid is the "father" ofGeometry
54%
King who led the "300" at the
Battles of Thermopylae
Leonidas
54%
War fought between those
two cities from 431–404 B.C.
Peloponnesian
War
53%
Infantry formation used by the above
(hint: starts with P)
Phalanx
51%

Score Distribution

Percentile by Number Answered

Percent of People with Each Score

Your Score History

You have not taken this quiz since the last reset